Pooch's new raincoat / (Record no. 9882)

MARC details
000 -LEADER
fixed length control field 00799nam a22002657a 4500
001 - CONTROL NUMBER
control field 9882
003 - CONTROL NUMBER IDENTIFIER
control field FISKH
005 - DATE AND TIME OF LATEST TRANSACTION
control field 20260311150357.0
008 - FIXED-LENGTH DATA ELEMENTS--GENERAL INFORMATION
fixed length control field 260311b cb ||||| |||| 00| 0 eng d
020 ## - INTERNATIONAL STANDARD BOOK NUMBER
International Standard Book Number 9780316153898
040 ## - CATALOGING SOURCE
Original cataloging agency FISKH
Language of cataloging eng
Transcribing agency FISKH
Modifying agency FISKH
082 ## - DEWEY DECIMAL CLASSIFICATION NUMBER
Classification number 813
100 ## - MAIN ENTRY--PERSONAL NAME
Personal name Alex Toys
245 ## - TITLE STATEMENT
Title Pooch's new raincoat /
Statement of responsibility, etc. By Alex Toys
250 ## - EDITION STATEMENT
Edition statement First Edition : September 2006
260 ## - PUBLICATION, DISTRIBUTION, ETC.
Place of publication, distribution, etc. New York :
Name of publisher, distributor, etc. Little, Brown and Company ,
Date of publication, distribution, etc. 2006 .
300 ## - PHYSICAL DESCRIPTION
Extent 10 unnumbered pages :
Other physical details color illustrations ;
Dimensions 14 X 18 cm .
505 ## - FORMATTED CONTENTS NOTE
Formatted contents note D <br/>
520 ## - SUMMARY, ETC.
Summary, etc. A delightful board book for ages 3-6, complete with a cuddly Pooch<br/>
521 8# - TARGET AUDIENCE NOTE
Target audience note 200 <br/>
Source Lexile estimate <br/>
521 8# - TARGET AUDIENCE NOTE
Target audience note D <br/>
Source Raz-Plus <br/>
650 ## - SUBJECT ADDED ENTRY--TOPICAL TERM
Topical term or geographic name entry element Rain
Form subdivision Picture Book
942 ## - ADDED ENTRY ELEMENTS (KOHA)
Source of classification or shelving scheme Dewey Decimal Classification
Koha item type Books
Suppress in OPAC No
Holdings
Withdrawn status Lost status Source of classification or shelving scheme Damaged status Not for loan Collection Home library Current library Shelving location Date acquired Total Checkouts Full call number Barcode Date last seen Price effective from Koha item type
    Dewey Decimal Classification     Juvenile Fiction Footprints International School Library Network Toul Tom Poung Campus Footprints International School Library Network Toul Tom Poung Campus TTP Primary Green Bookshelves 03/11/2026   ALE 813 2026-0303 03/11/2026 03/11/2026 Books